000 00792nam a2200193 4500
001 1501
005 20181127163420.0
020 0 0 _a9788190313629
090 0 0 _a954.6 S61735k 2009
100 0 0 _aSingh, Madanjeet.
245 0 0 _aKashmiriyat :
_bthe pluralist Sufi-bhakti-rishi culture /
_cMadanjeet Singh.
_h
260 0 0 _aNew Delhi :
_bSkyline Publications,
_c2009.
300 0 0 _a144 p. : ill. (chiefly col.) ; 21 x 25 cm.
500 _a"Dedicated to the young people of South Asia."
500 0 0 _a"South Asia Foundation, in cooperation with United Nations Educational, Scientific, and Cultural Organization".
650 0 0 _aCultural pluralism --India --Jammu and Kashmir.
_x
650 0 0 _aJammu and Kashmir (India) --Civilization.
_x
650 0 0 _aPopular culture --India --Jammu and Kashmir.
_x
999 _c1117
_d1117